Breviario de estética: cuatro lecciones, seguidas de dos ensayos y un apéndice

Сохранить в:
Библиографические подробности
Главный автор: Croce, Benedetto (Автор)
Формат:
Язык:испанский
Опубликовано: Buenos Aires Espasa-Calpe 1947
Редактирование:6a. ed
Серии:Colección Austral
Предметы:
Метки: Добавить метку
Нет меток, Требуется 1-ая метка записи!

MARC

LEADER 00000nam a2200000 a 4500
001 UCZ3058
003 CL-VaPUC
008 951013e19470618AG |||||||||||||||||spa|d
082 0 4 |a 701.17  |b CRO  |2 21 
100 0 |a Croce, Benedetto  |e author  |9 324684 
245 1 0 |a Breviario de estética: cuatro lecciones, seguidas de dos ensayos y un apéndice 
250 |a 6a. ed 
300 |a 154 p 
942 |c BK 
945 |d 19951013 00:00:00  |a lriquelm 
260 |a Buenos Aires  |b Espasa-Calpe  |c 1947 
650 0 |a Estética   |9 264950 
650 0 |a Artes  |9 268202 
650 0 |a Filosofía   |9 223554 
650 0 |a Ensayos  |9 268724 
583 |a last modification  |c 19951013 00:00:00  |k Rodrigo Vera 
490 0 |a Colección Austral 
999 |c 239587  |d 239585 
952 |0 0  |1 0  |4 0  |6 701_170000000000000_CRO_1947  |7 0  |8 P  |9 250848  |a BIBEDU  |b BIBEDU  |c BIBEDU_PB  |d 2019-11-18  |i 1583506  |o 701.17 CRO 1947  |p 1583506  |r 2024-01-25  |w 2019-11-18  |y BK  |k FIL 
952 |0 0  |1 0  |4 0  |6 701_170000000000000_CRO_1947  |7 0  |8 P  |9 250849  |a BIBEDU  |b BIBEDU  |c BIBEDU_PB  |d 2019-11-18  |i 1929801  |o 701.17 CRO 1947  |p 1929801  |r 2024-01-25  |w 2019-11-18  |y BK  |k LIT